000 01180nam a22002657a 4500
003 OSt
005 20220209120022.0
008 220117b |||||||| |||| 00| 0 eng d
020 _aT206
040 _cSTCPL
041 _aMAL
082 _a894.812
_bSUJ-D
100 _aSuja Chacko
110 _aGuided by Jose Parakadavil
111 _aMahatma Gandhi University Kottayam department of Malayalam St Thomas College Palai
245 _aDilli - nagaravum adhikaravum malayala novelukalil :
_bO.V. Vijayan, V.K.N., M. Mukundan, Anand ennivarude kruthikale aadharamakkiyulla padanam /
_cby Suja Chacko
_hദില്ലി - നഗരവും അധികാരവും മലയാള നോവലുകളിൽ : ഒ.വി. വിജയൻ, വി.കെ.എൻ., എം. മുകുന്ദൻ, ആനന്ദ് എന്നിവരുടെ കൃതികളെ ആധാരമാക്കിയുള്ള പഠനം
260 _aPala :
_cDecember 2018
300 _a280 p.
_bHB
650 _aMalayalam
856 _uhttps://shodhganga.inflibnet.ac.in/handle/10603/273392
942 _cTHE
942 _n0
_2ddc
942 _2ddc
_n0
942 _2ddc
_n0
999 _c75530
_d75530